L'Aptitud econòmica a Catalunya / Carles Pi i Suñer ; edició a cura de Ricard Vinyes
Descripción Física:
XXII, [1] f., 369 p. ; 19'5 cm
Otros Autores:
Vinyes, Ricard, 1952-
Materias:
Economia -- Catalunya
MARC
| LEADER | 00000nam a2200000Ia 4500 | ||
|---|---|---|---|
| 001 | 1246 | ||
| 008 | 160829s1983 xx 000 0 cat d | ||
| 080 | |a M-2-227 | ||
| 100 | 1 | |a Pi i Sunyer, Carles, |d 1888-1971 |e autor |9 55456 | |
| 245 | |a L'Aptitud econòmica a Catalunya / Carles Pi i Suñer ; edició a cura de Ricard Vinyes | ||
| 260 | |a Barcelona : |b La Magrana : |b Diputació de Barcelona, |c 1983 | ||
| 300 | |a XXII, [1] f., 369 p. ; |c 19'5 cm | ||
| 490 | |a Biblioteca dels Clàssics del Nacionalisme Català , 5 | ||
| 650 | 0 | |a Economia |z Catalunya |9 19142 | |
| 700 | |a Vinyes, Ricard, |d 1952- |e editor literari |9 37675 | ||
| 901 | |a Arxiu | ||
| 942 | |n 1 |2 udc | ||
| 952 | |0 0 |1 0 |4 0 |6 M2227 |7 1 |9 47990 |a Arxiu |b Arxiu |d 2016-12-01 |l 0 |o M-2-227 |p 1246 |r 2016-12-01 00:00:00 |w 2016-12-01 |y ARXIU | ||
| 999 | |c 51791 |d 51791 | ||